Spices (Record no. 252941)
[ view plain ]
| 000 -LEADER | |
|---|---|
| fixed length control field | 00527nam a22002057a 4500 |
| 020 ## - INTERNATIONAL STANDARD BOOK NUMBER | |
| International Standard Book Number | 9789384337292 |
| 041 ## - LANGUAGE CODE | |
| Language code of text/sound track or separate title | English |
| 082 ## - DEWEY DECIMAL CLASSIFICATION NUMBER | |
| Classification number | 633 |
| Item number | PON/SP |
| 100 ## - MAIN ENTRY--PERSONAL NAME | |
| Personal name | Ponnuswami V |
| 100 ## - MAIN ENTRY--PERSONAL NAME | |
| Personal name | Kumar M |
| 100 ## - MAIN ENTRY--PERSONAL NAME | |
| Personal name | Arumugam V |
| 100 ## - MAIN ENTRY--PERSONAL NAME | |
| Personal name | Ramesh Kumar S |
| 100 ## - MAIN ENTRY--PERSONAL NAME | |
| Personal name | Krishnamoorthy C |
| 245 ## - TITLE STATEMENT | |
| Title | Spices |
| 260 ## - PUBLICATION, DISTRIBUTION, ETC. (IMPRINT) | |
| Place of publication, distribution, etc. | Delhi |
| Name of publisher, distributor, etc. | Jaya Publishing House |
| Date of publication, distribution, etc. | 2015 |
| 300 ## - PHYSICAL DESCRIPTION | |
| Extent | 218p. |
| 365 ## - TRADE PRICE | |
| Price amount | Rs.1895/- |
| 650 ## - SUBJECT ADDED ENTRY--TOPICAL TERM | |
| Topical term or geographic name as entry element | Black pepper, small cardamom, large cardamom, ginger, turmeric, cumin,plantation crops |
| 942 ## - ADDED ENTRY ELEMENTS (KOHA) | |
| Koha item type | Books (General) |
| Withdrawn status | Lost status | Damaged status | Not for loan | Home library | Current library | Shelving location | Date acquired | Cost, normal purchase price | Total Checkouts | Full call number | Barcode | Date last seen | Date checked out | Price effective from | Koha item type |
|---|---|---|---|---|---|---|---|---|---|---|---|---|---|---|---|
| College of Agriculture, Vellanikkara | College of Agriculture, Vellanikkara | 29/05/2017 | 1895.00 | 16 | 633 PON/SP | KAU-COA-32639 | 29/01/2022 | 29/12/2021 | 29/05/2017 | Books (General) |
